Effect of mulching rubber nurseries with different mulching materials on the growth of seedlings (Record no. 57976)

MARC details
000 -LEADER
fixed length control field 00502nam a2200181Ia 4500
100 ## - MAIN ENTRY--AUTHOR NAME
Personal name Potty S N
245 #0 - TITLE STATEMENT
Title Effect of mulching rubber nurseries with different mulching materials on the growth of seedlings
260 ## - PUBLICATION, DISTRIBUTION, ETC. (IMPRINT)
Name of publisher Rubber Board Bulletin
Year of publication 1968
300 ## - PHYSICAL DESCRIPTION
Number of Pages 83-90
650 ## - SUBJECT ADDED ENTRY--TOPICAL TERM
Topical Term Mulching
650 ## - SUBJECT ADDED ENTRY--TOPICAL TERM
Topical Term Rubber planting
650 ## - SUBJECT ADDED ENTRY--TOPICAL TERM
Topical Term Rubber seedling
700 ## - ADDED ENTRY--PERSONAL NAME
Personal name Abdulkalam M
700 ## - ADDED ENTRY--PERSONAL NAME
Personal name Ananth K C
700 ## - ADDED ENTRY--PERSONAL NAME
Personal name Mathew M
942 ## - ADDED ENTRY ELEMENTS (KOHA)
Koha item type Journals
Holdings
Withdrawn status Lost status Damaged status Not for loan Home library Current library Shelving location Date acquired Serial Enumeration / chronology Koha item type
      Journals RRII Library RRII Library Soils and agonomy 17/12/2021 Volume 10, Issue 2 Journals